General Trivia Quiz #1 - Statistics

General Stats
  • This quiz has been taken 62 times
  • The average score is 6 of 24
Answer Stats
Hint Answer % Correct
Who is the French queen guillotined during the Revolution? Marie Antoinette
79%
What is the largest non-polar desert? Sahara
79%
What is the Pre-Columbian empire with Machu Picchu? Inca
61%
What is the Greek epic predecessor to Homer’s Odyssey? Iliad
59%
What is the longest river in Asia? Yangtze
48%
Who is the author of The Canterbury Tales? Chaucer
46%
Who is the surrealist painter of The Persistence of Memory? Dalí
39%
What is the capital of Bhutan? Thimphu
29%
Who is the Byzantine emperor who codified Roman law? Justinian
27%
What is the name of the scientific study of fungi? Mycology
25%
Who is the first woman elected head of a Muslim-majority country? Benazir Bhutto
20%
What is the ancient writing system using wedge-shaped characters? Cuneiform
14%
Who is the Russian novelist who wrote The Brothers Karamazov? Dostoevsky
14%
What is the quantum particle with no electric charge? Neutrino
11%
What is the only sea without coasts? Sargasso
11%
What is the process causing stars to emit light? Nuclear fusion
9%
What is the term for a group of ravens? Unkindness
9%
What is the name of the Treaty ending the Thirty Years’ War? Westphalia
9%
What is Michelangelo’s sculpture depicting Moses? Moses
5%
What is an active volcano in Indonesia that erupted in 1815? Tambora
5%
What is the enzyme breaking down hydrogen peroxide? Catalase
4%
What is the Latin name for the common fig? Ficus Carica
2%
What is the term for Earth’s magnetic field reversal? Geomagnetic reversal
2%
What is the name of a fear of vegetables? Lachanophobia
2%
No matching quizzes found
Score Distribution
Percent of People with Each Score
Percentile by Number Answered
Your Score History
You have not taken this quiz